000 01330nam a22003617a 4500
003 CHAP
005 20220329143103.0
008 060224d2005 mx r 00110 spa d
010 _a91760
011 _a92732
035 _a103297
040 _cCHAP
090 _aTesis
100 1 _aSánchez Yañez, Carmelo.
_9107934
245 1 0 _aManejo multitactico de Phytophthora capsici en el cultivo de pepino Cucumis sativus L. en Chapingo, México
_c/por Carmelo Sánchez Yañez
260 _aChapingo, Méx. :
_bEl autor,
_c2005.
300 _a50 h.
502 _aTesis (Ing. Agr. Esp. en Parasitología Agrícola) -- UACH. Departamento de Parasitología Agrícola
590 _aALEPH
_b10
_c20130110
_lUCH01
_h1509
590 _aBATCH-UPD
_b10
_c20130110
_lUCH01
_h0352
590 _aBATCH-UPD
_b10
_c20130110
_lUCH01
_h1954
590 _aBATCH-UPD
_b10
_c20130410
_lUCH01
_h0025
590 _aBATCH-UPD
_b10
_c20130914
_lUCH01
_h1130
590 _aCONVERSION
_b10
_c20130109
_lUCH01
_h1351
650 1 4 _aCultivos en invernadero.
_930376
650 1 4 _aPepino
_xEnfermedades por hongos.
_986905
650 1 4 _aPhytophthora capsici.
_987920
901 _aBK
905 _aLilia
942 _cFOLL
949 _aTesis
_bBC
_cTES
_d33724000979225
_eTS2
_fc.2
_h44704
_i103297
_sb
949 _aTesis
_bBC
_cTES
_d33724000979654
_eTS1
_h44703
_i103297
_sb
999 _c91760
_d91760